01362nam a2200157 a 4500008004100000020001500041041000800056100001700064245010800081250001100189260003800200300001100238500015100249505078900400655001501189180206e2001 sp ||||| |||| 00| f spa d a8466302263 aspa1 aGordon, Noah 3aEl último judio.bEl viaje iniciático de un judio en la España de la inquisición /cNoah Gordon a1a ed. aMadrid:bPunto de lectura;c2001. a588 p. aGordon, N. (2001). El último judío. El viaje iniciático de un judío en la España de la inquisición. (1a ed.). Madrid : Suma de Letras. a"Solo delante de las casas abandonadas, Yonah se sentó a la sombra de un plátano. Trazó distraídamente cuatro puntos en la tierra: uno representaba a los cristianos viejos de España, otro a los moros y el tercero a los cristianos nuevos. El cuarto punto representaba a Yonah ben Helkias Toledano". El último judío toma como punto de partida la expulsión de los judíos en la España del siglo XV y como protagonista al joven Yonah Toledano. Cuando éste es separado de los únicos miembros de su famlia que quedan con vida, se ve forzado a buscar un nuevo lugar donde vivir sin tener que renunciar a sus creencias. Así, inicia un largo periplo por la España de la Inquisición, durante el cual tendrá que recurrir a su ingenio para salvaguardar su secreto.  aLiteratura